[Event "ODJM B 2024"]
[Site "Willingen GER"]
[Date "2024.05.21"]
[Round "4"]
[White "Ahmadov, Ahmad"]
[Black "Rössling, Laura Marie"]
[Result "0-1"]
[Termination "normal"]
[Board "56"]
[WhiteElo "1729"]
[BlackElo "1599"]
[WhiteClock "01:31:21"]
[BlackClock "00:29:16"]
[PlyCount "130"]
[WhiteFideId "34661018"]
[BlackFideId "16289471"]
[EventCountry "GER"]
[EventRounds "9"]
[EventType "swiss"]
[EventDate "2024.05.18"]

1. e4 {[%clk 01:30:59]} e5 {[%clk 01:30:20]} {[%emt 00:00:41]} 2. Nf3 {[%clk
01:31:21]} {[%emt 00:00:08]} Nc6 {[%clk 01:30:20]} {[%emt 00:00:29]} 3. Bc4
{[%clk 01:31:45]} {[%emt 00:00:06]} Nf6 {[%clk 01:30:37]} {[%emt 00:00:12]} 4.
Ng5 {[%clk 01:32:05]} {[%emt 00:00:11]} d5 {[%clk 01:30:45]} {[%emt 00:00:22]}
5. exd5 {[%clk 01:32:30]} {[%emt 00:00:05]} Na5 {[%clk 01:30:53]} {[%emt
00:00:22]} 6. Bb5+ {[%clk 01:32:45]} {[%emt 00:00:15]} c6 {[%clk 01:30:46]}
{[%emt 00:00:37]} 7. dxc6 {[%clk 01:33:00]} {[%emt 00:00:15]} bxc6 {[%clk
01:30:58]} {[%emt 00:00:19]} 8. Qf3 {[%clk 01:33:20]} {[%emt 00:00:09]} Qd5
{[%clk 01:29:25]} {[%emt 00:02:03]} 9. Qxd5 {[%clk 01:33:31]} {[%emt 00:00:19]}
Nxd5 {[%clk 01:29:43]} {[%emt 00:00:12]} 10. Be2 {[%clk 01:33:42]} {[%emt
00:00:20]} Bf5 {[%clk 01:18:13]} {[%emt 00:11:59]} 11. d3 {[%clk 01:32:18]}
{[%emt 00:01:54]} Bc5 {[%clk 01:09:18]} {[%emt 00:09:24]} 12. Bd2 {[%clk
01:30:17]} {[%emt 00:02:31]} Nb7 {[%clk 01:08:14]} {[%emt 00:01:35]} 13. Nc3
{[%clk 01:27:57]} {[%emt 00:02:49]} Nd6 {[%clk 01:05:51]} {[%emt 00:02:47]} 14.
Bf3 {[%clk 01:25:27]} {[%emt 00:03:07]} Ne7 {[%clk 00:58:26]} {[%emt 00:07:53]}
15. Na4 {[%clk 01:22:04]} {[%emt 00:03:56]} Bb6 {[%clk 00:50:18]} {[%emt
00:08:36]} 16. Bb4 {[%clk 01:21:47]} {[%emt 00:00:48]} Rd8 {[%clk 00:46:35]}
{[%emt 00:04:12]} 17. g4 {[%clk 01:20:04]} {[%emt 00:02:13]} Bg6 {[%clk
00:44:08]} {[%emt 00:02:57]} 18. Nxb6 {[%clk 01:19:41]} {[%emt 00:00:53]} axb6
{[%clk 00:44:27]} {[%emt 00:00:12]} 19. Bc3 {[%clk 01:19:45]} {[%emt 00:00:27]}
h6 {[%clk 00:36:59]} {[%emt 00:07:56]} 20. Ne4 {[%clk 01:19:36]} {[%emt
00:00:39]} f6 {[%clk 00:36:38]} {[%emt 00:00:52]} 21. O-O-O {[%clk 01:18:24]}
{[%emt 00:01:42]} c5 {[%clk 00:33:54]} {[%emt 00:03:15]} 22. h4 {[%clk
01:15:18]} {[%emt 00:03:35]} Bf7 {[%clk 00:32:50]} {[%emt 00:01:34]} 23. Nxd6+
{[%clk 01:09:08]} {[%emt 00:06:40]} Rxd6 {[%clk 00:32:37]} {[%emt 00:00:43]}
24. g5 {[%clk 01:09:24]} {[%emt 00:00:14]} Nd5 {[%clk 00:32:12]} {[%emt
00:00:53]} 25. Bd2 {[%clk 01:08:56]} {[%emt 00:01:00]} h5 {[%clk 00:30:34]}
{[%emt 00:02:02]} 26. c4 {[%clk 01:08:29]} {[%emt 00:01:03]} Nc7 {[%clk
00:29:28]} {[%emt 00:01:36]} 27. Bc3 {[%clk 01:08:03]} {[%emt 00:00:56]} Ne6
{[%clk 00:24:27]} {[%emt 00:05:30]} 28. Rhe1 {[%clk 01:07:27]} {[%emt
00:01:06]} Nf4 {[%clk 00:21:14]} {[%emt 00:03:43]} 29. Be4 {[%clk 01:05:36]}
{[%emt 00:02:21]} Be6 {[%clk 00:18:05]} {[%emt 00:03:40]} 30. Kc2 {[%clk
01:02:58]} {[%emt 00:03:08]} Bg4 {[%clk 00:15:59]} {[%emt 00:02:27]} 31. f3
{[%clk 01:03:02]} {[%emt 00:00:35]} Bh3 {[%clk 00:14:52]} {[%emt 00:01:33]} 32.
Bd2 {[%clk 01:02:50]} {[%emt 00:00:45]} Kf7 {[%clk 00:07:22]} {[%emt 00:07:58]}
33. Bxf4 {[%clk 01:02:09]} {[%emt 00:01:13]} exf4 {[%clk 00:07:43]} {[%emt
00:00:10]} 34. g6+ {[%clk 01:02:17]} {[%emt 00:00:22]} Kf8 {[%clk 00:07:51]}
{[%emt 00:00:14]} 35. Bd5 {[%clk 01:02:31]} {[%emt 00:00:24]} Bf5 {[%clk
00:07:04]} {[%emt 00:01:17]} 36. Bf7 {[%clk 01:02:28]} {[%emt 00:00:33]} Rd8
{[%clk 00:07:15]} {[%emt 00:00:17]} 37. Kc1 {[%clk 01:01:10]} {[%emt 00:01:49]}
Rh6 {[%clk 00:06:59]} {[%emt 00:00:45]} 38. d4 {[%clk 00:59:54]} {[%emt
00:01:48]} Bxg6 {[%clk 00:06:36]} {[%emt 00:00:52]} 39. Bxg6 {[%clk 01:00:14]}
{[%emt 00:00:11]} Rxg6 {[%clk 00:06:58]} {[%emt 00:00:07]} 40. dxc5 {[%emt
00:00:13]} Rxd1+ {[%clk 00:06:53]} {[%emt 00:00:33]} 41. Rxd1 {[%clk 01:00:44]}
{[%emt 00:00:19]} bxc5 {[%clk 00:06:50]} {[%emt 00:00:34]} 42. Rd8+ {[%clk
01:01:12]} {[%emt 00:00:01]} Ke7 {[%clk 00:06:41]} {[%emt 00:00:40]} 43. Rh8
{[%clk 01:01:25]} {[%emt 00:00:17]} Rg1+ {[%clk 00:06:29]} {[%emt 00:00:42]}
44. Kc2 {[%clk 00:59:31]} {[%emt 00:02:23]} g6 {[%clk 00:04:45]} {[%emt
00:02:14]} 45. Rc8 {[%clk 00:59:41]} {[%emt 00:00:20]} Rg2+ {[%clk 00:04:34]}
{[%emt 00:00:41]} 46. Kc1 {[%clk 00:59:33]} {[%emt 00:00:39]} Kd6 {[%clk
00:04:37]} {[%emt 00:00:23]} 47. Rd8+ {[%clk 00:59:56]} {[%emt 00:00:10]} Kc7
{[%clk 00:03:48]} {[%emt 00:01:20]} 48. Rd2 {[%clk 01:00:14]} {[%emt 00:00:11]}
Rg3 {[%clk 00:04:06]} {[%emt 00:00:12]} 49. Rf2 {[%clk 01:00:22]} {[%emt
00:00:22]} Rh3 {[%clk 00:04:22]} {[%emt 00:00:12]} 50. Rg2 {[%clk 01:00:39]}
{[%emt 00:00:14]} Rg3 {[%clk 00:04:37]} {[%emt 00:00:15]} 51. Rf2 {[%clk
01:00:56]} {[%emt 00:00:15]} g5 {[%clk 00:04:30]} {[%emt 00:00:32]} 52. hxg5
{[%clk 01:01:07]} {[%emt 00:00:23]} fxg5 {[%clk 00:04:56]} {[%emt 00:00:05]}
53. Kd2 {[%clk 01:01:25]} {[%emt 00:00:12]} h4 {[%clk 00:03:00]} {[%emt
00:02:25]} 54. Kd3 {[%clk 01:01:25]} {[%emt 00:00:31]} h3 {[%clk 00:03:21]}
{[%emt 00:00:08]} 55. Ke2 {[%clk 01:01:22]} {[%emt 00:00:34]} Rg1 {[%clk
00:01:33]} {[%emt 00:02:18]} 56. Rh2 {[%clk 01:01:35]} {[%emt 00:00:16]} Rg3
{[%clk 00:01:57]} {[%emt 00:00:07]} 57. a3 {[%clk 01:01:42]} {[%emt 00:00:23]}
Kb6 {[%clk 00:01:49]} {[%emt 00:00:33]} 58. Kf2 {[%clk 01:01:55]} {[%emt
00:00:22]} Ka5 {[%clk 00:01:09]} {[%emt 00:01:07]} 59. b3 {[%clk 01:01:44]}
{[%emt 00:00:44]} Kb6 {[%clk 00:30:02]} {[%emt 00:01:36]} 60. b4 {[%clk
01:32:02]} {[%emt 00:00:13]} cxb4 {[%clk 00:30:01]} {[%emt 00:00:31]} 61. axb4
{[%clk 01:32:10]} {[%emt 00:02:00]} Kc6 {[%clk 00:30:08]} {[%emt 00:00:23]} 62.
Ke2 {[%clk 01:32:08]} {[%emt 00:00:32]} Kb6 {[%clk 00:30:18]} {[%emt 00:00:19]}
63. c5+ {[%emt 00:00:35]} Kb5 {[%clk 00:30:37]} {[%emt 00:00:09]} 64. Rf2
{[%clk 01:31:42]} {[%emt 00:00:52]} Rg1 {[%clk 00:29:05]} {[%emt 00:02:03]} 65.
Rf1 {[%clk 01:31:21]} {[%emt 00:00:51]} h2 {[%clk 00:29:16]} {[%emt 00:00:20]}
0-1

[Event "ODJM B 2024"]
[Site "Willingen GER"]
[Date "2024.05.22"]
[Round "5"]
[White "Schedel, Loris"]
[Black "Ye, Philipp"]
[Result "1/2-1/2"]
[Termination "normal"]
[Board "1"]
[WhiteElo "1819"]
[BlackElo "1870"]
[WhiteClock "00:15:37"]
[BlackClock "00:33:14"]
[PlyCount "56"]
[WhiteFideId "16255542"]
[BlackFideId "34646787"]
[EventCountry "GER"]
[EventRounds "9"]
[EventType "swiss"]
[EventDate "2024.05.18"]

1. e4 {[%clk 01:30:54]} {[%emt 00:00:06]} c6 {[%clk 01:30:36]} {[%emt
00:00:24]} 2. c4 {[%clk 01:30:30]} {[%emt 00:00:54]} d5 {[%clk 01:30:44]}
{[%emt 00:00:22]} 3. cxd5 {[%clk 01:30:36]} {[%emt 00:00:24]} cxd5 {[%clk
01:31:06]} {[%emt 00:00:07]} 4. exd5 {[%clk 01:30:55]} {[%emt 00:00:11]} Nf6
{[%clk 01:31:24]} {[%emt 00:00:12]} 5. Bb5+ {[%clk 01:30:56]} {[%emt 00:00:29]}
Nbd7 {[%clk 01:31:33]} {[%emt 00:00:22]} 6. Nf3 {[%clk 01:30:57]} {[%emt
00:00:29]} Nxd5 {[%clk 01:29:54]} {[%emt 00:04:29]} 7. Nc3 {[%clk 01:28:33]}
{[%emt 00:00:35]} Nc7 {[%clk 01:24:50]} {[%emt 00:05:34]} 8. Be2 {[%clk
01:28:38]} {[%emt 00:00:25]} g6 {[%clk 01:24:37]} {[%emt 00:00:43]} 9. O-O
{[%clk 01:28:15]} {[%emt 00:00:52]} Bg7 {[%clk 01:24:56]} {[%emt 00:00:11]} 10.
d4 {[%clk 01:27:45]} {[%emt 00:01:01]} O-O {[%clk 01:23:02]} {[%emt 00:02:24]}
11. Bf4 {[%clk 01:25:55]} {[%emt 00:02:19]} Nf6 {[%clk 01:20:11]} {[%emt
00:03:21]} 12. Rc1 {[%clk 01:20:17]} {[%emt 00:06:08]} Ncd5 {[%clk 01:15:40]}
{[%emt 00:05:01]} 13. Qd2 {[%clk 01:12:22]} {[%emt 00:08:25]} Nxf4 {[%clk
01:11:50]} {[%emt 00:04:20]} 14. Qxf4 {[%clk 01:12:05]} {[%emt 00:00:47]} Be6
{[%clk 01:06:45]} {[%emt 00:05:35]} 15. Rfd1 {[%clk 01:04:33]} {[%emt
00:08:02]} Nd5 {[%clk 01:05:27]} {[%emt 00:01:48]} 16. Nxd5 {[%clk 01:03:13]}
{[%emt 00:01:50]} Bxd5 {[%clk 01:05:45]} {[%emt 00:00:12]} 17. b3 {[%clk
00:58:43]} {[%emt 00:05:01]} Qb6 {[%clk 00:59:36]} {[%emt 00:06:38]} 18. Rc5
{[%clk 00:55:01]} {[%emt 00:04:12]} Rad8 {[%clk 00:57:18]} {[%emt 00:02:48]}
19. Ne5 {[%clk 00:40:34]} {[%emt 00:14:57]} Bxe5 {[%clk 00:50:26]} {[%emt
00:07:23]} 20. Qxe5 {[%clk 00:40:03]} {[%emt 00:01:00]} e6 {[%clk 00:49:53]}
{[%emt 00:01:02]} 21. Qf6 {[%clk 00:33:16]} {[%emt 00:07:18]} Rd7 {[%clk
00:46:29]} {[%emt 00:03:54]} 22. h4 {[%clk 00:32:56]} {[%emt 00:00:50]} Qd8
{[%clk 00:45:27]} {[%emt 00:01:32]} 23. Qf4 {[%clk 00:28:53]} {[%emt 00:04:34]}
h5 {[%clk 00:42:25]} {[%emt 00:03:31]} 24. Rd3 {[%clk 00:24:18]} {[%emt
00:05:04]} Kh7 {[%clk 00:38:26]} {[%emt 00:04:30]} 25. Rg3 {[%clk 00:21:03]}
{[%emt 00:03:45]} Qb8 {[%clk 00:32:45]} {[%emt 00:06:11]} 26. Qe3 {[%clk
00:19:32]} {[%emt 00:02:01]} Qd8 {[%clk 00:32:43]} {[%emt 00:00:32]} 27. Qf4
{[%clk 00:15:14]} {[%emt 00:04:49]} Qb8 {[%clk 00:32:52]} {[%emt 00:00:20]} 28.
Qe3 {[%clk 00:15:37]} {[%emt 00:00:08]} Qd8 {[%clk 00:33:14]} {[%emt 00:00:07]}
1/2-1/2

[Event "ODJM B 2024"]
[Site "Willingen GER"]
[Date "2024.05.22"]
[Round "5"]
[White "Borgert, Alexander"]
[Black "Schönherr, Stijn"]
[Result "1/2-1/2"]
[Termination "normal"]
[Board "2"]
[WhiteElo "1683"]
[BlackElo "1601"]
[WhiteClock "00:12:10"]
[BlackClock "00:31:48"]
[PlyCount "117"]
[WhiteFideId "16289188"]
[BlackFideId "34611622"]
[EventCountry "GER"]
[EventRounds "9"]
[EventType "swiss"]
[EventDate "2024.05.18"]

1. d4 {[%clk 01:30:56]} {[%emt 00:00:04]} d5 {[%clk 01:30:56]} {[%emt
00:00:05]} 2. c4 {[%clk 01:31:21]} {[%emt 00:00:05]} dxc4 {[%clk 01:31:20]}
{[%emt 00:00:06]} 3. e3 {[%clk 01:31:15]} {[%emt 00:00:36]} c5 {[%clk
01:31:42]} {[%emt 00:00:08]} 4. Nf3 {[%clk 01:29:45]} {[%emt 00:01:59]} Nf6
{[%clk 01:32:02]} {[%emt 00:00:10]} 5. Bxc4 {[%clk 01:30:07]} {[%emt 00:00:09]}
e6 {[%clk 01:32:27]} {[%emt 00:00:05]} 6. Nc3 {[%clk 01:29:41]} {[%emt
00:00:55]} a6 {[%clk 01:31:47]} {[%emt 00:01:11]} 7. a4 {[%clk 01:29:50]}
{[%emt 00:02:56]} Nc6 {[%clk 01:27:34]} {[%emt 00:02:08]} 8. d5 {[%clk
01:26:00]} {[%emt 00:04:21]} exd5 {[%clk 01:27:57]} {[%emt 00:00:07]} 9. Bxd5
{[%clk 01:25:57]} {[%emt 00:00:33]} Nxd5 {[%clk 01:27:06]} {[%emt 00:01:21]}
10. Qxd5 {[%clk 01:25:52]} {[%emt 00:00:34]} Be6 {[%clk 01:25:59]} {[%emt
00:01:38]} 11. Qe4 {[%clk 01:13:27]} {[%emt 00:12:55]} Be7 {[%clk 01:13:56]}
{[%emt 00:12:32]} 12. O-O {[%clk 01:11:37]} {[%emt 00:02:20]} O-O {[%clk
01:08:39]} {[%emt 00:05:48]} 13. Rd1 {[%clk 01:07:28]} {[%emt 00:04:37]} Qc7
{[%clk 01:02:54]} {[%emt 00:06:16]} 14. Nd5 {[%clk 01:00:38]} {[%emt 00:07:20]}
Rad8 {[%clk 00:44:27]} {[%emt 00:18:58]} 15. Nxe7+ {[%clk 00:57:38]} {[%emt
00:03:29]} Nxe7 {[%clk 00:43:21]} {[%emt 00:01:36]} 16. Rxd8 {[%clk 00:57:40]}
{[%emt 00:00:28]} Rxd8 {[%clk 00:43:44]} {[%emt 00:00:07]} 17. Qc2 {[%clk
00:56:38]} {[%emt 00:01:32]} Bf5 {[%clk 00:38:57]} {[%emt 00:05:17]} 18. e4
{[%clk 00:56:06]} {[%emt 00:01:02]} Bg4 {[%clk 00:37:27]} {[%emt 00:02:01]} 19.
Be3 {[%clk 00:55:16]} {[%emt 00:01:18]} Bxf3 {[%clk 00:36:09]} {[%emt
00:01:49]} 20. gxf3 {[%clk 00:55:37]} {[%emt 00:00:09]} c4 {[%clk 00:35:49]}
{[%emt 00:00:51]} 21. Rc1 {[%clk 00:54:37]} {[%emt 00:01:28]} b5 {[%clk
00:35:50]} {[%emt 00:00:30]} 22. axb5 {[%clk 00:52:27]} {[%emt 00:02:40]} axb5
{[%clk 00:36:06]} {[%emt 00:00:14]} 23. Rd1 {[%clk 00:50:58]} {[%emt 00:01:58]}
Ng6 {[%clk 00:30:39]} {[%emt 00:05:59]} 24. Rd5 {[%clk 00:20:26]} {[%emt
00:31:01]} Nh4 {[%clk 00:08:02]} {[%emt 00:23:06]} 25. Qd1 {[%clk 00:10:45]}
{[%emt 00:10:12]} Rxd5 {[%clk 00:08:13]} {[%emt 00:00:19]} 26. Qxd5 {[%clk
00:10:53]} {[%emt 00:00:22]} Qa5 {[%clk 00:08:26]} {[%emt 00:00:18]} 27. Qd1
{[%clk 00:10:06]} {[%emt 00:01:16]} b4 {[%clk 00:04:04]} {[%emt 00:04:52]} 28.
Bc1 {[%clk 00:04:23]} {[%emt 00:06:13]} c3 {[%clk 00:03:20]} {[%emt 00:01:15]}
29. bxc3 {[%clk 00:04:09]} {[%emt 00:00:43]} bxc3 {[%clk 00:03:34]} {[%emt
00:00:15]} 30. Kf1 {[%clk 00:04:18]} {[%emt 00:00:21]} h6 {[%clk 00:02:56]}
{[%emt 00:01:10]} 31. Qd3 {[%clk 00:03:26]} {[%emt 00:01:21]} Qa1 {[%clk
00:02:24]} {[%emt 00:00:59]} 32. Qe3 {[%clk 00:02:27]} {[%emt 00:01:32]} Qa6+
{[%clk 00:01:24]} {[%emt 00:01:29]} 33. Qe2 {[%clk 00:02:23]} {[%emt 00:00:34]}
Qa1 {[%clk 00:01:34]} {[%emt 00:00:21]} 34. Qe3 {[%clk 00:02:47]} {[%emt
00:00:07]} c2 {[%clk 00:01:22]} {[%emt 00:00:41]} 35. Ke2 {[%clk 00:02:54]}
{[%emt 00:00:22]} Qa2 {[%clk 00:01:26]} {[%emt 00:00:27]} 36. Qd3 {[%clk
00:01:21]} {[%emt 00:02:03]} Ng6 {[%clk 00:01:14]} {[%emt 00:00:41]} 37. Kd2
{[%clk 00:01:17]} {[%emt 00:00:35]} Ne5 {[%clk 00:01:21]} {[%emt 00:00:23]} 38.
Qc3 {[%clk 00:00:49]} {[%emt 00:00:56]} f6 {[%clk 00:00:58]} {[%emt 00:00:55]}
39. f4 {[%clk 00:00:38]} {[%emt 00:00:41]} Ng4 {[%clk 00:01:06]} {[%emt
00:00:22]} 40. Qc8+ {[%clk 00:00:57]} {[%emt 00:00:11]} Kh7 {[%clk 00:01:31]}
{[%emt 00:00:05]} 41. Qxg4 {[%clk 00:00:54]} {[%emt 00:00:33]} Qc4 {[%clk
00:01:04]} {[%emt 00:00:54]} 42. Qf5+ {[%clk 00:00:33]} {[%emt 00:00:54]} Kh8
{[%clk 00:01:18]} {[%emt 00:00:16]} 43. Qd5 {[%clk 00:30:22]} {[%emt 00:00:39]}
Qf1 {[%clk 00:31:04]} {[%emt 00:00:34]} 44. Kxc2 {[%clk 00:30:24]} {[%emt
00:00:40]} Qxf2+ {[%clk 00:31:25]} {[%emt 00:00:09]} 45. Qd2 {[%clk 00:30:21]}
{[%emt 00:00:30]} Qc5+ {[%clk 00:31:47]} {[%emt 00:00:11]} 46. Kd3 {[%clk
00:28:17]} {[%emt 00:02:34]} Qb5+ {[%clk 00:31:14]} {[%emt 00:01:03]} 47. Ke3
{[%clk 00:28:25]} {[%emt 00:00:21]} Qb3+ {[%clk 00:31:31]} {[%emt 00:00:14]}
48. Ke2 {[%clk 00:25:06]} {[%emt 00:03:47]} Qc4+ {[%clk 00:31:20]} {[%emt
00:00:43]} 49. Kf3 {[%clk 00:25:04]} {[%emt 00:00:32]} Qb3+ {[%clk 00:31:30]}
{[%emt 00:00:20]} 50. Kg2 {[%clk 00:24:58]} {[%emt 00:00:33]} Qe6 {[%clk
00:31:23]} {[%emt 00:00:40]} 51. Qe2 {[%clk 00:24:10]} {[%emt 00:01:18]} f5
{[%clk 00:31:34]} {[%emt 00:00:19]} 52. e5 {[%clk 00:22:47]} {[%emt 00:01:53]}
Qc6+ {[%clk 00:31:56]} {[%emt 00:00:08]} 53. Kh3 {[%clk 00:21:09]} {[%emt
00:02:08]} Qxc1 {[%clk 00:31:24]} {[%emt 00:01:01]} 54. e6 {[%clk 00:20:52]}
{[%emt 00:00:47]} Qa3+ {[%clk 00:31:44]} {[%emt 00:00:11]} 55. Kg2 {[%clk
00:20:39]} {[%emt 00:00:41]} Qe7 {[%clk 00:31:57]} {[%emt 00:00:19]} 56. Qe5
{[%clk 00:19:01]} {[%emt 00:02:06]} Qb7+ {[%clk 00:31:09]} {[%emt 00:01:19]}
57. Kg1 {[%clk 00:17:13]} {[%emt 00:02:12]} Qb1+ {[%clk 00:31:25]} {[%emt
00:00:21]} 58. Kg2 {[%clk 00:11:45]} {[%emt 00:05:57]} Qb7+ {[%clk 00:31:48]}
{[%emt 00:00:08]} 59. Kg1 {[%clk 00:12:10]} {[%emt 00:00:05]} 1/2-1/2

[Event "ODJM B 2024"]
[Site "Willingen GER"]
[Date "2024.05.22"]
[Round "5"]
[White "Roth, Jonas"]
[Black "Walter, Richard"]
[Result "1/2-1/2"]
[Termination "normal"]
[Board "4"]
[WhiteElo "1766"]
[BlackElo "1719"]
[WhiteClock "00:23:47"]
[BlackClock "01:25:28"]
[PlyCount "91"]
[WhiteFideId "34623515"]
[BlackFideId "34620028"]
[EventCountry "GER"]
[EventRounds "9"]
[EventType "swiss"]
[EventDate "2024.05.18"]

1. d4 {[%clk 01:30:59]} d5 {[%clk 01:30:54]} {[%emt 00:00:01]} 2. c3 {[%clk
01:31:24]} {[%emt 00:00:11]} Nf6 {[%clk 01:31:20]} {[%emt 00:00:04]} 3. Nf3
{[%clk 01:31:50]} {[%emt 00:00:03]} e6 {[%clk 01:31:45]} {[%emt 00:00:05]} 4.
Bf4 {[%clk 01:32:16]} {[%emt 00:00:04]} Bd6 {[%clk 01:32:10]} {[%emt 00:00:05]}
5. Bg3 {[%clk 01:32:40]} {[%emt 00:00:05]} O-O {[%clk 01:32:31]} {[%emt
00:00:10]} 6. e3 {[%clk 01:33:08]} {[%emt 00:00:02]} c5 {[%clk 01:32:56]}
{[%emt 00:00:06]} 7. Bd3 {[%clk 01:33:34]} {[%emt 00:00:04]} Qc7 {[%clk
01:32:57]} {[%emt 00:00:29]} 8. Nbd2 {[%clk 01:33:53]} {[%emt 00:00:10]} Nbd7
{[%clk 01:33:17]} {[%emt 00:00:10]} 9. Qc2 {[%clk 01:33:26]} {[%emt 00:00:56]}
cxd4 {[%clk 01:31:29]} {[%emt 00:02:19]} 10. exd4 {[%clk 01:33:31]} {[%emt
00:00:25]} e5 {[%clk 01:31:03]} {[%emt 00:00:57]} 11. dxe5 {[%clk 01:33:02]}
{[%emt 00:00:59]} Nxe5 {[%clk 01:31:25]} {[%emt 00:01:03]} 12. Nxe5 {[%clk
01:29:57]} {[%emt 00:02:39]} Bxe5 {[%clk 01:31:43]} {[%emt 00:00:12]} 13. O-O
{[%clk 01:29:21]} {[%emt 00:01:06]} Bxg3 {[%clk 01:31:49]} {[%emt 00:00:24]}
14. hxg3 {[%clk 01:28:19]} {[%emt 00:01:31]} h6 {[%clk 01:30:06]} {[%emt
00:02:13]} 15. Nf3 {[%clk 01:28:19]} {[%emt 00:00:31]} Bd7 {[%clk 01:26:37]}
{[%emt 00:03:59]} 16. Nd4 {[%clk 01:24:43]} {[%emt 00:04:06]} Rfe8 {[%clk
01:26:31]} {[%emt 00:00:36]} 17. Rfe1 {[%clk 01:23:50]} {[%emt 00:01:23]} Rxe1+
{[%clk 01:26:39]} {[%emt 00:00:22]} 18. Rxe1 {[%clk 01:24:15]} {[%emt
00:00:05]} Re8 {[%clk 01:27:04]} {[%emt 00:00:04]} 19. Rxe8+ {[%clk 01:23:51]}
{[%emt 00:00:54]} Nxe8 {[%clk 01:27:14]} {[%emt 00:00:20]} 20. Qb3 {[%clk
01:22:19]} {[%emt 00:02:02]} Bc6 {[%clk 01:26:59]} {[%emt 00:00:45]} 21. Qa3
{[%clk 01:21:41]} {[%emt 00:01:09]} a6 {[%clk 01:26:13]} {[%emt 00:01:16]} 22.
Qc5 {[%clk 01:21:21]} {[%emt 00:00:48]} Bb5 {[%clk 01:25:30]} {[%emt 00:01:14]}
23. Qxc7 {[%clk 01:20:19]} {[%emt 00:01:33]} Nxc7 {[%clk 01:25:54]} {[%emt
00:00:06]} 24. Nxb5 {[%clk 01:20:38]} {[%emt 00:00:10]} axb5 {[%clk 01:26:05]}
{[%emt 00:00:20]} 25. Kf1 {[%clk 01:18:56]} {[%emt 00:02:12]} Kf8 {[%clk
01:26:28]} {[%emt 00:00:07]} 26. Ke2 {[%clk 01:19:24]} {[%emt 00:00:02]} Ke7
{[%clk 01:26:48]} {[%emt 00:00:09]} 27. Ke3 {[%clk 01:19:34]} {[%emt 00:00:20]}
Kd6 {[%clk 01:26:49]} {[%emt 00:00:29]} 28. f4 {[%clk 01:19:05]} {[%emt
00:00:59]} g6 {[%clk 01:26:44]} {[%emt 00:00:35]} 29. g4 {[%clk 01:19:02]}
{[%emt 00:00:33]} g5 {[%clk 01:26:56]} {[%emt 00:00:19]} 30. g3 {[%clk
01:19:05]} {[%emt 00:00:26]} f6 {[%clk 01:27:09]} {[%emt 00:00:18]} 31. Bf5
{[%clk 01:18:52]} {[%emt 00:00:42]} Na6 {[%clk 01:26:46]} {[%emt 00:00:54]} 32.
Bd3 {[%clk 01:13:20]} {[%emt 00:06:02]} Nc7 {[%clk 01:26:28]} {[%emt 00:00:48]}
33. Bg6 {[%clk 01:09:31]} {[%emt 00:04:18]} b6 {[%clk 01:25:46]} {[%emt
00:01:12]} 34. Bf7 {[%clk 01:06:38]} {[%emt 00:03:22]} Kc5 {[%clk 01:26:01]}
{[%emt 00:00:16]} 35. Kd3 {[%clk 01:04:08]} {[%emt 00:02:59]} Na6 {[%clk
01:26:21]} {[%emt 00:00:11]} 36. Be6 {[%clk 00:58:01]} {[%emt 00:06:34]} Kd6
{[%clk 01:25:40]} {[%emt 00:01:14]} 37. Bf5 {[%clk 00:55:17]} {[%emt 00:03:15]}
b4 {[%clk 01:25:28]} {[%emt 00:00:42]} 38. c4 {[%clk 00:51:38]} {[%emt
00:04:09]} Nc5+ {[%clk 01:24:50]} {[%emt 00:01:07]} 39. Kd4 {[%clk 00:50:37]}
{[%emt 00:01:31]} b3 {[%clk 01:24:34]} {[%emt 00:00:46]} 40. a3 {[%clk
00:34:04]} {[%emt 00:17:03]} Na4 {[%clk 01:24:46]} {[%emt 00:00:19]} 41. cxd5
{[%clk 00:33:48]} {[%emt 00:00:45]} Nxb2 {[%clk 01:25:08]} {[%emt 00:00:08]}
42. Kc3 {[%clk 00:32:50]} {[%emt 00:01:29]} Nd1+ {[%clk 01:25:24]} {[%emt
00:00:13]} 43. Kd2 {[%clk 00:31:19]} {[%emt 00:02:01]} Nb2 {[%clk 01:24:41]}
{[%emt 00:01:13]} 44. Kc3 {[%clk 00:31:02]} {[%emt 00:00:47]} Nd1+ {[%clk
01:25:04]} {[%emt 00:00:07]} 45. Kd2 {[%clk 00:24:35]} {[%emt 00:06:58]} Nb2
{[%clk 01:25:28]} {[%emt 00:00:06]} 46. Kc3 {[%clk 00:23:47]} {[%emt 00:01:18]}
1/2-1/2